Cali Pachanguero a social history of salsa in a colombian city (Registro nro. 48000)
[ vista simple ]
| 000 -ENCABEZADO | |
|---|---|
| Número de control [NR] | 00761nam a2200193Ia 4500 |
| 008 - DE LONGITUD FIJA DE DATOS DE ELEMENTOS - INFORMACIÓN GENERAL | |
| Elementos de longitud fija [NR] | 130821s1998 xxua gr eng |
| 040 ## - FUENTE DE CATALOGACION [NR] | |
| Agencia de catalogación original [NR] | Co-BoUCM |
| Idioma de catalogación [NR] | spa |
| 041 00 - CODIGO DE IDIOMA [R] | |
| Código de idioma para texto/pista de sonido o título separado [R] | Inglés |
| 100 1# - ASIENTO PRINCIPAL--NOMBRE PERSONAL [NR] | |
| Nombre personal [NR] | Waxer, Lise Aerinne. |
| ID Autoridad | 175632 |
| 245 10 - MENCION DE TITULO [NR] | |
| Título [NR] | Cali Pachanguero a social history of salsa in a colombian city |
| Mención de responsabilidad, etc. [NR] | Lise Aerinne Waxer |
| 260 ## - PUBLICACION, DISTRIBUCION, ETC. (PIE DE IMPRENTA) [R] | |
| Lugar de publicación, distribución, etc. [R] | Springfield (Illinois, Estados Unidos) |
| Nombre del editor, distribuidor, etc. [R] | University of Illinois |
| Fecha de publicación, distribución, etc. [R] | 1998 |
| 300 ## - DESCRIPCION FISICA [R] | |
| Extensión [R] | xv, 223 páginas |
| Otros detalles físicos [NR] | ilustraciones |
| 650 04 - ASIENTO SECUNDARIO DE MATERIA - TERMINO TEMATICO [R] | |
| Término temático o nombre geográfico como elemento de entrada [NR] | Arte |
| 9 (RLIN) | 9444 |
| 650 04 - ASIENTO SECUNDARIO DE MATERIA - TERMINO TEMATICO [R] | |
| Término temático o nombre geográfico como elemento de entrada [NR] | Música afroamericana |
| Subdivisión general [R] | Historia |
| 9 (RLIN) | 19978 |
| 650 04 - ASIENTO SECUNDARIO DE MATERIA - TERMINO TEMATICO [R] | |
| Término temático o nombre geográfico como elemento de entrada [NR] | Música folclórica |
| Subdivisión general [R] | Historia |
| Subdivisión geográfica [R] | Colombia |
| 9 (RLIN) | 19998 |
| 830 ## - ASIENTO SECUNDARIO DE SERIE--TITULO UNIFORME [R] | |
| Título uniforme [NR] | Bibliografía Básica Medio Universitario. |
| 9 (RLIN) | 29597 |
| 942 ## - ELEMENTOS DE ENTRADA AGREGADOS (KOHA) | |
| Tipo de ítem principal el descrito en 300a | Libro de reserva |
| Sistema de clasificación | DEWEY |
| Tema principal | Arte |
| Edición | 1 |
| Clasificación | 781.62861 |
| Parte restante de la signatura top. | W356c |
| Título oculto en OPAC | No |
| Signatura topográfica | Código de barras | Última vez visto | Volúmen / Fascículo | Ejemplar | Price effective from | Tipo de ítem | Perdido | Sistema de clasificación | Dañado | No prestable | Tipo de ítem específico | Suprimido | Ubicación habitual | Ubicación actual | Localización | Fecha de creación | Forma de adquisición | Costo |
|---|---|---|---|---|---|---|---|---|---|---|---|---|---|---|---|---|---|---|
| 781.62861 W356c | 100074885 | 06/12/2025 | V.1 | Ej.1 | 03/02/2013 | Libro | DEWEY | Libro | Claustro | Claustro | 2do piso | 28/02/2006 | Compra | 141378.95 | ||||
| 781.62861 W356c | 100074886 | 06/12/2025 | V.2 | Ej.1 | 03/02/2013 | Libro | DEWEY | Libro | Claustro | Claustro | 2do piso | 28/02/2006 | Compra | 141378.95 |